00648nam a2200157 a 450000100100000000500170001000800410002704000250006808200150009310000260010824501090013426000970024330000200034095201130036099900170047300002410520200930022725.0110119s2004 dr 000 0 spa d aDO-SdBNPbspacBNPHU axxxxbxxxx1 aQuiroga, Lucero9255610aFeminización de la matrícula universitaria en la República Dominicana 1977-2002 /cLucero Quiroga. aSanto Domingo :bSecretaría de estado de educación superior ciencia y tecnologia,c2004. a67 p. ;c28 cm. 0010718PDaPDbPDcCTd2011-01-19iLF1l0oxxxx xxxxp24105-10r2020-06-25w2020-06-25yLFPDZNo se presta c23600d23600